000 00565nam a2200193 i 4500
001 43186
003 ES-MaACL
005 20250904061853.0
007 t|
008 030317s1971 sp ||||1| spa d
080 _a811.134.2:37.02
100 1 _aCastro Alonso, Carlos A.
_936903
245 1 0 _aDidáctica de la lengua española /
_cCarlos A. Castro Alonso.
260 _aMadrid :
_bAnaya,
_c[1971]
300 _a915 p. :
_bil. ;
_c23 cm.
650 4 _aLengua española-
_xDidáctica.
_9144339
852 _aES-MaACL
_jC-39077
_bR.79588
999 _c43186
_d43186